| 000 | 004750000a22001690004500 | ||
|---|---|---|---|
| 041 | 0 | _aSPA | |
| 082 | 0 | 4 | _aG 266.1 C7331m |
| 110 | 1 | _aComibam Internacional | |
| 245 | 1 | 0 | _aLatinoamérica y las misiones mundiales : Testimonios de misioneros latinoaméricanos / COMIBAM |
| 260 | _aGuatemala : COMIBAM | ||
| 300 | _a115 Pag | ||
| 001 | 1906 | ||
| 942 | _cBK | ||
| 999 |
_c33026 _d33026 |
||
| 336 |
_atexto _btxt _2rdacontent |
||
| 337 |
_2rdamedia _asin mediación _bn |
||
| 338 |
_2rdacarrier _avolumen _bnc |
||